Estatísticas para Cultura Geral

Clique aqui para jogar o quiz

Estatísticas Gerais

  • Esse quiz foi jogado 26 vezes
  • A pontuação média é 6 de 15

Estatísticas das Respostas

HintResposta% Correto
A que país pertence a marca de cerveja Beck's?Alemanha
80%
De que país é típico o pão Baguete?França
80%
A que país pertence a marca de cerveja Corona?México
72%
Qual é a carne de animal mais consumida do mundo?Porco
72%
De que país o Döner kebab é um prato nacional?Turquia
52%
Em que país podemos encontrar a cidade de Ahmedabad?Índia
40%
Que nome damos a preparações culinárias cremosas, à base de carne, de peixe ou de vegetais, muitas vezes com vários condimentos, que são consumidas, quer como entrada duma refeição, quer como um produto para comer com pão ou biscoitos, ao pequeno almoço ou ao lanche?Paté
36%
O que é um Bretzel?Pão
32%
O que é uma Bratwurst?Salsicha
28%
Que nome damos á especialidade da culinária que se ocupa dos alimentos doces e salgados?Confeitaria
24%
Em que país podemos encontrar a cidade de Karachi?Paquistão
20%
Em que estado dos EUA podemos encontrar a cidade de Juneau?Alasca
16%
Em que estado dos EUA podemos encontrar a cidade de Newark?Nova Jersey
12%
Que nome damos a um líquido viscoso constituído primariamente de uma solução de açúcar na água?Xarope
8%
Que nome damos a um doce árabe, preparado a partir de uma pasta feita de amêndoas moídas, açúcar e claras de ovos?Marzipã
0%

Distribuição das Pontuações

Percentil de Números Respondidos

Porcentagem de Pessoas com Cada Pontuação

Sua Pontuação Histórica

Você não jogou esse quiz